000 00322nam a2200133Ia 4500
008 191201s2003 xx 000 0 und d
100 _aGANGULY, Smuit
245 0 _aUnderstanding Contemporary India
250 _a1st
260 _aN.Delhi
_bViva Books
_c2003
300 _a313
650 _aGeneral Books
942 _2ddc
_cBK
999 _c2146
_d2146